[Event "BL 9293 Bielefeld-Sindelfingen"]
[Site "?"]
[Date "1993.??.??"]
[Round "?.7"]
[White "Kraut, R."]
[Black "Meier, V."]
[Result "1/2-1/2"]
[WhiteElo "2425"]
[BlackElo "2310"]
[PlyCount "109"]
[EventDate "1993.??.??"]

1. e4 c5 2. Nf3 e6 3. Nc3 a6 4. d4 cxd4 5. Nxd4 Qc7 6. g3 Nf6 7. Bg2 Nc6 8. O-O
Nxd4 9. Qxd4 Bc5 10. Bf4 d6 11. Qd2 h6 12. Rad1 e5 13. Be3 Ke7 14. f4 Be6 15.
fxe5 dxe5 16. Nd5+ Bxd5 17. exd5 Rhd8 18. Kh1 Rac8 19. c4 Qd6 20. Rf5 Bxe3 21.
Qxe3 Rxc4 22. Rxe5+ Kf8 23. Rf5 Rc2 24. Qb3 Qc5 25. Rf4 b5 26. a4 Rc1 27. axb5
axb5 28. Rxc1 Qxc1+ 29. Rf1 Qd2 30. Qxb5 Ng4 31. Qb6 Rxd5 32. Qa7 f6 33. Qa3+
Rd6 34. Qc3 Ne3 35. Qxd2 Rxd2 36. Rg1 Rxb2 37. Bh3 Re2 38. Rc1 g5 39. Kg1 f5
40. Bxf5 Nxf5 41. Rf1 Re5 42. g4 Ke7 43. gxf5 Kf6 44. Kg2 Rxf5 45. Ra1 Re5 46.
Ra6+ Re6 47. Ra5 Kg6 48. h4 Kh5 49. hxg5 hxg5 50. Ra4 Re3 51. Rb4 Kg6 52. Rb6+
Kf5 53. Rb5+ Kf4 54. Rb4+ Re4 55. Rxe4+ 1/2-1/2

[Event "BL 9293 Bielefeld-Sindelfingen"]
[Site "?"]
[Date "1993.??.??"]
[Round "?.8"]
[White "Geveke, M."]
[Black "Werner, Marc"]
[Result "1/2-1/2"]
[WhiteElo "2315"]
[BlackElo "2350"]
[PlyCount "32"]
[EventDate "1993.??.??"]

1. Nf3 Nf6 2. c4 e6 3. g3 d5 4. Bg2 c6 5. b3 a5 6. O-O Be7 7. Bb2 O-O 8. Qc2 b6
9. d4 Nbd7 10. Nbd2 Bb7 11. e4 Ra7 12. Rfd1 Qa8 13. e5 Ne8 14. Nf1 Nc7 15. Ne3
c5 16. Ne1 Rd8 1/2-1/2

[Event "BL 9293 Kirchheim-Bielefeld"]
[Site "?"]
[Date "1993.??.??"]
[Round "?.1"]
[White "Haba, P."]
[Black "Richter, W."]
[Result "1/2-1/2"]
[WhiteElo "2485"]
[BlackElo "2430"]
[PlyCount "27"]
[EventDate "1993.??.??"]

1. d4 d5 2. Nf3 Nf6 3. Bf4 Bf5 4. e3 c6 5. c4 e6 6. Nc3 Nbd7 7. Qb3 Qb6 8. h3
dxc4 9. Bxc4 Nd5 10. Bg3 Qxb3 11. Bxb3 Bb4 12. Rc1 N7f6 13. Bxd5 exd5 14. a3
1/2-1/2

[Event "BL 9293 Kirchheim-Bielefeld"]
[Site "?"]
[Date "1993.??.??"]
[Round "?.2"]
[White "Gschnitzer, O."]
[Black "Piskov, Y."]
[Result "0-1"]
[WhiteElo "2475"]
[BlackElo "2520"]
[PlyCount "52"]
[EventDate "1993.??.??"]

1. Nf3 d5 2. c4 e6 3. d4 Nf6 4. Nc3 Bb4 5. e3 O-O 6. Bd3 b6 7. O-O Bb7 8. cxd5
exd5 9. Ne5 Nbd7 10. f4 c5 11. Ne2 c4 12. Bf5 b5 13. b3 Nb6 14. Rb1 Qd6 15. Ng3
Rfe8 16. Qc2 Bc8 17. bxc4 Nxc4 18. e4 dxe4 19. Nxc4 bxc4 20. Qxc4 a5 21. Rd1
Ba6 22. Qb3 Bd3 23. Be3 Nd5 24. Rxd3 exd3 25. Ne4 Qd8 26. Qxd3 g6 0-1

[Event "BL 9293 Kirchheim-Bielefeld"]
[Site "?"]
[Date "1993.??.??"]
[Round "?.3"]
[White "Bangiev, A."]
[Black "Tompa, J."]
[Result "1-0"]
[WhiteElo "2395"]
[BlackElo "2435"]
[PlyCount "71"]
[EventDate "1993.??.??"]

1. d4 Nf6 2. c4 e6 3. Nc3 Bb4 4. Bg5 h6 5. Bh4 d5 6. e3 c5 7. cxd5 exd5 8. Bb5+
Nc6 9. Nge2 c4 10. O-O Be7 11. b3 cxb3 12. Qxb3 a6 13. Bxf6 gxf6 14. Bd3 Be6
15. Nf4 Na5 16. Qd1 Qd6 17. Qa4+ Nc6 18. Rab1 Qd7 19. Rfc1 Rg8 20. g3 Rb8 21.
Ncxd5 Bxd5 22. Nxd5 Qxd5 23. Rxc6 Kf8 24. Rc7 f5 25. Qd7 Qxd7 26. Rxd7 b5 27.
Bxf5 Rg5 28. Bd3 Rc8 29. Ra7 Rd5 30. Rxa6 b4 31. Rxh6 Rc3 32. Be4 Ra5 33. Rh8+
Kg7 34. Ra8 Rca3 35. Rxa5 Rxa5 36. Rb2 1-0

[Event "BL 9293 Kirchheim-Bielefeld"]
[Site "?"]
[Date "1993.??.??"]
[Round "?.4"]
[White "Beckhuis, G."]
[Black "Panzer, P."]
[Result "1-0"]
[WhiteElo "2195"]
[BlackElo "2330"]
[PlyCount "103"]
[EventDate "1993.??.??"]

1. d4 Nf6 2. c4 g6 3. Nc3 Bg7 4. e4 d6 5. Nf3 O-O 6. Be2 e5 7. O-O Na6 8. Be3
Ng4 9. Bg5 f6 10. Bc1 c6 11. d5 f5 12. Ne1 Nf6 13. exf5 gxf5 14. f4 Qb6+ 15.
Kh1 cxd5 16. cxd5 Ng4 17. fxe5 Nxe5 18. Nc2 Bd7 19. Be3 Qa5 20. a3 Ng4 21. Bd4
Bxd4 22. Qxd4 Qb6 23. Bxg4 fxg4 24. Ne4 Qxd4 25. Nxd4 Rxf1+ 26. Rxf1 Rf8 27.
Kg1 Nc5 28. Nxd6 Nd3 29. Ne4 Nf4 30. d6 b6 31. g3 Nd5 32. Rxf8+ Kxf8 33. Kf2
Ke8 34. Ke2 Bc8 35. Nc6 a5 36. Ne5 Bf5 37. Nc3 Nf6 38. Ke3 h6 39. Kd4 Be6 40.
Nb5 Kd8 41. Nc6+ Ke8 42. Ke5 Bd7 43. Kxf6 Bxc6 44. Nd4 Bd5 45. Nf5 h5 46. Ke5
Bf7 47. Ne7 Kd7 48. Nd5 Kc6 49. Nf6 Kb7 50. Ne4 Bg6 51. Kf6 Bxe4 52. d7 1-0

[Event "BL 9293 Kirchheim-Bielefeld"]
[Site "?"]
[Date "1993.??.??"]
[Round "?.5"]
[White "Kassebaum, R."]
[Black "Biebinger, G."]
[Result "1-0"]
[WhiteElo "2360"]
[BlackElo "2350"]
[PlyCount "73"]
[EventDate "1993.??.??"]

1. e4 e6 2. d4 d5 3. e5 Bd7 4. Nf3 a6 5. Bd3 Bb5 6. O-O Ne7 7. Re1 h6 8. b3
Bxd3 9. Qxd3 Nf5 10. c4 c6 11. Ba3 Bxa3 12. Nxa3 Qa5 13. Nc2 Nd7 14. a4 Qd8 15.
Qc3 Ne7 16. Ne3 a5 17. Rac1 Nb8 18. Re2 Na6 19. c5 Nb4 20. h4 Ra7 21. Rd1 O-O
22. h5 Kh8 23. Nh2 b6 24. f4 Rb7 25. Nf3 b5 26. Rf1 bxa4 27. bxa4 Qa8 28. g4
Qa6 29. Rd2 g6 30. hxg6 fxg6 31. Ne1 Ng8 32. f5 gxf5 33. gxf5 Rg7+ 34. Rg2
Rxg2+ 35. N1xg2 exf5 36. Nxf5 Qe2 37. Qg3 1-0

[Event "BL 9293 Kirchheim-Bielefeld"]
[Site "?"]
[Date "1993.??.??"]
[Round "?.6"]
[White "Mueller, O."]
[Black "Pohl Kuemmel, JU."]
[Result "1-0"]
[WhiteElo "2345"]
[BlackElo "2320"]
[PlyCount "81"]
[EventDate "1993.??.??"]

1. e4 d6 2. d4 Nf6 3. Nc3 g6 4. Nf3 Bg7 5. Be2 O-O 6. O-O Bg4 7. Be3 Nc6 8. Qd2
e5 9. d5 Ne7 10. Rad1 Bd7 11. Ne1 b5 12. a3 a5 13. f3 Qb8 14. Nd3 c6 15. dxc6
Bxc6 16. b4 a4 17. Nf2 Rd8 18. f4 Nd7 19. f5 d5 20. exd5 Nf6 21. fxg6 hxg6 22.
d6 Nf5 23. Bc5 Qb7 24. Ng4 Nxg4 25. Bxg4 Nd4 26. Ne2 Nxe2+ 27. Qxe2 f5 28. Bh3
Rd7 29. g4 f4 30. g5 Rf8 31. Be6+ Rff7 32. c4 Kf8 33. cxb5 Bxb5 34. Qf3 Bc6 35.
Bd5 e4 36. Qxe4 Bxd5 37. Qxd5 Qxd5 38. Rxd5 f3 39. Rd3 f2+ 40. Rxf2 Rxf2 41.
Kxf2 1-0

[Event "BL 9293 Kirchheim-Bielefeld"]
[Site "?"]
[Date "1993.??.??"]
[Round "?.7"]
[White "Meier, V."]
[Black "Burkart, P."]
[Result "0-1"]
[WhiteElo "2310"]
[BlackElo "2285"]
[PlyCount "68"]
[EventDate "1993.??.??"]

1. e4 Nf6 2. e5 Nd5 3. d4 d6 4. c4 Nb6 5. exd6 exd6 6. Nc3 Be7 7. Bd3 Nc6 8.
Nge2 Bf6 9. Be3 Bg4 10. f3 Bh5 11. b3 Bg6 12. O-O d5 13. c5 Nc8 14. Rc1 N8e7
15. Qd2 Qd7 16. a3 Bxd3 17. Qxd3 Qf5 18. Qd2 h5 19. b4 a6 20. Rb1 O-O 21. Bf4
Rfc8 22. Rbe1 Ng6 23. Be3 Bh4 24. Ng3 Bxg3 25. hxg3 Re8 26. Qd1 Re7 27. g4 hxg4
28. fxg4 Qd7 29. Rf5 Rae8 30. Nxd5 Re4 31. Qd3 Rxg4 32. Bf2 Rxe1+ 33. Bxe1 Rxd4
34. Qf3 Nce5 0-1

[Event "BL 9293 Sindelfingen-Bochum"]
[Site "?"]
[Date "1993.??.??"]
[Round "?.1"]
[White "Glek, I."]
[Black "Luther, T."]
[Result "1/2-1/2"]
[WhiteElo "2545"]
[BlackElo "2465"]
[PlyCount "45"]
[EventDate "1993.??.??"]

1. e4 e6 2. d4 d5 3. Nc3 Nf6 4. Bg5 dxe4 5. Nxe4 Be7 6. Bxf6 gxf6 7. Nf3 f5 8.
Nc3 Bf6 9. Qd2 c5 10. d5 O-O 11. O-O-O Bg7 12. Qe3 Qb6 13. Ne5 exd5 14. Nxd5
Qe6 15. Nc4 Bh6 16. f4 b5 17. Ne5 f6 18. Nc7 Qxe5 19. Qxe5 fxe5 20. Nxa8 Bxf4+
21. Kb1 e4 22. g3 Be5 23. Rd5 1/2-1/2

[Event "BL 9293 Sindelfingen-Bochum"]
[Site "?"]
[Date "1993.??.??"]
[Round "?.3"]
[White "Schulz, KJ."]
[Black "Gabriel, C."]
[Result "1/2-1/2"]
[WhiteElo "2415"]
[BlackElo "2500"]
[PlyCount "64"]
[EventDate "1993.??.??"]

1. d4 Nf6 2. Nf3 d5 3. c4 dxc4 4. e3 e6 5. Bxc4 c5 6. O-O a6 7. Bd3 Nbd7 8. Qe2
b6 9. Nc3 Bb7 10. Rd1 Qc7 11. Bd2 Bd6 12. Rac1 O-O 13. e4 e5 14. dxc5 Nxc5 15.
Na4 Qe7 16. Nxb6 Nxd3 17. Qxd3 Bxe4 18. Qe2 Rad8 19. Bg5 Bb7 20. Nc4 Bb8 21.
Nd4 Rfe8 22. Nf5 Qe6 23. Rxd8 Rxd8 24. Nfe3 Rc8 25. Rd1 Ne4 26. Bh4 f6 27. f3
Nc5 28. Na5 Ba8 29. Qc4 Qxc4 30. Naxc4 Ba7 31. Bf2 Ne6 32. b3 Nd4 1/2-1/2

[Event "BL 9293 Sindelfingen-Bochum"]
[Site "?"]
[Date "1993.??.??"]
[Round "?.4"]
[White "Fahnenschmidt, G."]
[Black "Backwinkel, P."]
[Result "1-0"]
[WhiteElo "2365"]
[BlackElo "2405"]
[PlyCount "83"]
[EventDate "1993.??.??"]

1. d4 d5 2. c4 c6 3. Nc3 Nf6 4. Nf3 a6 5. cxd5 cxd5 6. Bf4 Nc6 7. e3 Bg4 8. Bd3
e6 9. Rc1 Be7 10. h3 Bh5 11. O-O O-O 12. a3 Na5 13. Nb1 Rc8 14. Qa4 Bxf3 15.
Rxc8 Qxc8 16. Qxa5 Be4 17. Qd2 Bxd3 18. Qxd3 Qc4 19. Qxc4 dxc4 20. Rc1 b5 21.
Kf1 Nd5 22. Bh2 f5 23. Ke2 f4 24. e4 Bg5 25. Rd1 Nb6 26. Nc3 Na4 27. Nxa4 bxa4
28. Kf3 Rb8 29. Rc1 Rxb2 30. Rxc4 Rb3+ 31. Kg4 Be7 32. Rxa4 Rxa3 33. Rxa3 Bxa3
34. Kxf4 a5 35. Ke3 a4 36. Kd3 Bb2 37. Be5 a3 38. Kc2 g5 39. g3 Kf7 40. f4 gxf4
41. gxf4 Ke7 42. d5 1-0

[Event "BL 9293 Sindelfingen-Bochum"]
[Site "?"]
[Date "1993.??.??"]
[Round "?.5"]
[White "Von Gleich, A."]
[Black "Mohr, S."]
[Result "0-1"]
[WhiteElo "2335"]
[BlackElo "2440"]
[PlyCount "74"]
[EventDate "1993.??.??"]

1. Nf3 d6 2. d4 Bg4 3. e4 Nf6 4. Bd3 Nc6 5. c3 e5 6. d5 Nb8 7. c4 Nbd7 8. Nc3
Nc5 9. Bc2 a5 10. Be3 Be7 11. h3 Bxf3 12. Qxf3 O-O 13. O-O-O Nfd7 14. h4 c6 15.
g4 a4 16. g5 Qa5 17. Nb1 b5 18. dxc6 Nb6 19. cxb5 Qxb5 20. Nc3 Qxc6 21. Nd5
Nxd5 22. exd5 Qb5 23. Bxc5 Qxc5 24. Rd3 Qb4 25. a3 Qb5 26. Qe4 g6 27. b4 axb3
28. Rxb3 Qc5 29. Qe3 Qxd5 30. Be4 Qc4+ 31. Rc3 Qa2 32. Bxa8 Rxa8 33. Rh3 Bf8
34. Qe4 Rb8 35. Qc2 Qe6 36. a4 d5 37. Rc6 Qxh3 0-1

[Event "BL 9293 Sindelfingen-Bochum"]
[Site "?"]
[Date "1993.??.??"]
[Round "?.6"]
[White "Marinkovic, I."]
[Black "Luecke, N."]
[Result "1/2-1/2"]
[WhiteElo "2445"]
[BlackElo "2410"]
[PlyCount "39"]
[EventDate "1993.??.??"]

1. e4 e6 2. d4 d5 3. exd5 exd5 4. Nf3 Nf6 5. Bd3 Bd6 6. O-O O-O 7. h3 Re8 8.
Nc3 c6 9. Bg5 h6 10. Bh4 Nbd7 11. Qd2 Qc7 12. Rae1 Bf4 13. Rxe8+ Nxe8 14. Qe1
Ndf6 15. Ne2 Bd6 16. c4 dxc4 17. Bxc4 b5 18. Bb3 Bf5 19. Bg3 Be4 20. Bxd6
1/2-1/2

[Event "BL 9293 Sindelfingen-Bochum"]
[Site "?"]
[Date "1993.??.??"]
[Round "?.7"]
[White "Sonntag, HH."]
[Black "Kraut, R."]
[Result "1/2-1/2"]
[WhiteElo "2415"]
[BlackElo "2425"]
[PlyCount "85"]
[EventDate "1993.??.??"]

1. d4 d5 2. c4 dxc4 3. Nf3 Nf6 4. e3 Bg4 5. Bxc4 e6 6. Nc3 Nbd7 7. h3 Bh5 8.
O-O Bd6 9. e4 e5 10. g4 Bg6 11. Re1 O-O 12. Bf1 Re8 13. d5 Bb4 14. Bg5 h6 15.
Bh4 Bh7 16. Nd2 g5 17. Bg3 c6 18. dxc6 bxc6 19. Qc2 h5 20. f3 Bc5+ 21. Kg2 hxg4
22. hxg4 Nd5 23. Nc4 Nf4+ 24. Bxf4 gxf4 25. Kh1 Re6 26. Re2 Nb6 27. Rd1 Bd4 28.
Rh2 Bg6 29. Qg2 Kg7 30. Ne2 c5 31. b3 Qg5 32. Nxd4 cxd4 33. Bd3 Ree8 34. Rd2
Rh8 35. Qg1 Rxh2+ 36. Rxh2 Rh8 37. Qe1 Rxh2+ 38. Kxh2 Qe7 39. Kh3 Nxc4 40. Bxc4
Qa3 41. g5 Kh8 42. Qd2 a5 43. Kg4 1/2-1/2

[Event "BL 9293 Stadthagen-Kirchheim"]
[Site "?"]
[Date "1993.??.??"]
[Round "?.1"]
[White "Haba, P."]
[Black "Sax, G."]
[Result "1/2-1/2"]
[WhiteElo "2485"]
[BlackElo "2570"]
[PlyCount "45"]
[EventDate "1993.??.??"]

1. d4 Nf6 2. c4 e6 3. g3 c5 4. Nf3 cxd4 5. Nxd4 Qb6 6. Bg2 Bc5 7. e3 Nc6 8. O-O
Nxd4 9. exd4 Bxd4 10. Nc3 e5 11. Nb5 O-O 12. Nxd4 exd4 13. b3 d5 14. Ba3 Re8
15. c5 Qa5 16. Bb2 Qxc5 17. Bxd4 Qd6 18. Bxf6 Qxf6 19. Qxd5 Qe7 20. Rac1 Rb8
21. Qc5 b6 22. Qxe7 Rxe7 23. Rfd1 1/2-1/2

[Event "BL 9293 Stadthagen-Kirchheim"]
[Site "?"]
[Date "1993.??.??"]
[Round "?.2"]
[White "Khalifman, A."]
[Black "Gschnitzer, O."]
[Result "1-0"]
[WhiteElo "2630"]
[BlackElo "2475"]
[PlyCount "79"]
[EventDate "1993.??.??"]

1. e4 e5 2. Nf3 Nc6 3. Bb5 a6 4. Ba4 Nf6 5. O-O Be7 6. Re1 b5 7. Bb3 d6 8. c3
O-O 9. h3 Na5 10. Bc2 c5 11. d4 Nd7 12. Nbd2 cxd4 13. cxd4 Nc6 14. Nb3 Bf6 15.
d5 Na5 16. Nbd2 Nb6 17. Nf1 Bd7 18. b3 Nb7 19. Ng3 g6 20. Bh6 Bg7 21. Bxg7 Kxg7
22. b4 a5 23. a3 Qc7 24. Qd2 Rfc8 25. Rac1 Qd8 26. Bd3 Nc4 27. Bxc4 bxc4 28.
Rc3 axb4 29. axb4 Ra4 30. Rb1 Qb6 31. Qg5 Rxb4 32. Rxb4 Qxb4 33. Re3 Kf8 34.
Qf6 Nd8 35. Ng5 c3 36. Nxh7+ Kg8 37. Nh5 gxh5 38. Qh6 f6 39. Qg6+ Kh8 40. Nxf6
1-0

[Event "BL 9293 Stadthagen-Kirchheim"]
[Site "?"]
[Date "1993.??.??"]
[Round "?.3"]
[White "Vokac, M."]
[Black "Lobron, E."]
[Result "1/2-1/2"]
[WhiteElo "2435"]
[BlackElo "2620"]
[PlyCount "129"]
[EventDate "1993.??.??"]

1. d4 d5 2. c4 e6 3. Nc3 c6 4. Nf3 dxc4 5. a4 Bb4 6. e3 b5 7. Bd2 a5 8. axb5
Bxc3 9. Bxc3 cxb5 10. b3 Bb7 11. bxc4 b4 12. Bb2 Nf6 13. Be2 Nbd7 14. O-O O-O
15. Nd2 Qc7 16. Bf3 Bxf3 17. Qxf3 a4 18. Rab1 Rfb8 19. Rfc1 Ra6 20. c5 Qc6 21.
e4 h6 22. Qd3 Raa8 23. Rc4 a3 24. Ba1 b3 25. Rxb3 Rxb3 26. Nxb3 Qxe4 27. Qxe4
Nxe4 28. Rb4 Rb8 29. Rxb8+ Nxb8 30. Kf1 Kf8 31. Ke2 Nc6 32. Kd3 Nxf2+ 33. Kc4
Ke8 34. d5 exd5+ 35. Kxd5 Ne7+ 36. Kc4 f6 37. Nd4 Kd7 38. Nc2 a2 39. Nb4 Ng4
40. Nxa2 Nxh2 41. Nb4 Ng4 42. Kb5 Ne3 43. c6+ Kc7 44. Bd4 N3d5 45. Na6+ Kc8 46.
Kc5 Nf4 47. g4 f5 48. gxf5 Nxf5 49. Be5 Nd3+ 50. Kd5 Ne7+ 51. Ke6 Nxe5 52. Kxe7
g5 53. Nc5 h5 54. Kf6 Nf3 55. Kf5 g4 56. Kf4 Nd4 57. Ne4 Ne6+ 58. Kg3 Kc7 59.
Kh4 Ng7 60. Nf6 Nf5+ 61. Kxh5 g3 62. Nd5+ Kxc6 63. Nf4 Kd6 64. Kg4 Ke5 65. Kf3
1/2-1/2

[Event "BL 9293 Stadthagen-Kirchheim"]
[Site "?"]
[Date "1993.??.??"]
[Round "?.4"]
[White "Tischbierek, R."]
[Black "Beckhuis, G."]
[Result "0-1"]
[WhiteElo "2490"]
[BlackElo "2195"]
[PlyCount "80"]
[EventDate "1993.??.??"]

1. e4 e6 2. d4 d5 3. Nc3 Nf6 4. Bg5 dxe4 5. Nxe4 Be7 6. Bxf6 gxf6 7. Nf3 b6 8.
c4 f5 9. Nc3 Bf6 10. Be2 Bb7 11. O-O O-O 12. Qd2 Nc6 13. Rad1 Ne7 14. d5 e5 15.
b4 Ng6 16. c5 e4 17. Nd4 Bg5 18. Qc2 Qf6 19. c6 Bc8 20. g3 Re8 21. Kh1 Ne5 22.
Ndb5 Ng4 23. Bxg4 fxg4 24. Nxc7 Bf5 25. Nxe8 Rxe8 26. d6 e3 27. d7 Qxc6+ 28.
Rd5 Bxc2 29. dxe8=Q+ Qxe8 30. Rxg5+ Kf8 31. Kg1 exf2+ 32. Kxf2 Qd8 33. Rxg4
Qf6+ 34. Rf4 Qxc3 35. Kg2 Bg6 36. g4 Qc6+ 37. Kg3 Qc2 38. R1f2 Qc3+ 39. Kg2 Kg7
40. h4 h5 0-1

[Event "BL 9293 Stadthagen-Kirchheim"]
[Site "?"]
[Date "1993.??.??"]
[Round "?.5"]
[White "Mueller, O."]
[Black "Keitlinghaus, L."]
[Result "0-1"]
[WhiteElo "2345"]
[BlackElo "2455"]
[PlyCount "80"]
[EventDate "1993.??.??"]

1. e4 e5 2. Nf3 Nc6 3. Bb5 a6 4. Ba4 Nge7 5. O-O g6 6. c4 Bg7 7. Nc3 O-O 8. d3
d6 9. Nd5 h6 10. h3 f5 11. b4 Kh7 12. Re1 f4 13. b5 axb5 14. cxb5 Nxd5 15. bxc6
Nc3 16. Qb3 b6 17. Qxc3 Rxa4 18. Qb3 Ra8 19. Bb2 Qe8 20. d4 g5 21. d5 g4 22.
hxg4 Bxg4 23. Nh2 Bc8 24. a4 Qg6 25. Ra3 Bf6 26. Qc2 Rg8 27. g3 Qh5 28. Qe2 Qh3
29. Qf1 fxg3 30. Qxh3 Bxh3 31. fxg3 Bh4 32. Nf1 Raf8 33. Bc1 Rf7 34. Ra2 Rxf1+
35. Rxf1 Rxg3+ 36. Kh2 Bxf1 37. a5 bxa5 38. Rxa5 Rh3+ 39. Kg1 Be2 40. Ra7 Bf3
0-1

[Event "BL 9293 Stadthagen-Kirchheim"]
[Site "?"]
[Date "1993.??.??"]
[Round "?.6"]
[White "Heissler, J."]
[Black "Vonthron, H."]
[Result "1/2-1/2"]
[WhiteElo "2410"]
[BlackElo "2370"]
[PlyCount "102"]
[EventDate "1993.??.??"]

1. e4 g6 2. d4 Bg7 3. c3 d5 4. Nd2 dxe4 5. Nxe4 e5 6. Nf3 exd4 7. Bc4 Nc6 8.
O-O Nge7 9. Nxd4 Nxd4 10. cxd4 O-O 11. d5 Bf5 12. Nc3 Nc8 13. Bb3 Nd6 14. Bf4
b5 15. Rc1 a6 16. Qd2 Rc8 17. Nd1 Qf6 18. Be3 Rfe8 19. Re1 Qh4 20. g3 Qh5 21.
Nc3 Nc4 22. Bxc4 bxc4 23. f4 Bd3 24. Qf2 Red8 25. Bd4 Bf8 26. Bc5 c6 27. Bxf8
Kxf8 28. Re5 Qh3 29. Rce1 cxd5 30. Rxd5 Re8 31. Rde5 f6 32. Rxe8+ Rxe8 33.
Rxe8+ Kxe8 34. Qg2 Qe6 35. Qf2 h5 36. h4 Kf8 37. Kh2 Kg8 38. Kg1 Qg4 39. Kh2 g5
40. fxg5 fxg5 41. Nd5 Qe6 42. Ne3 gxh4 43. gxh4 Kh7 44. Qf4 c3 45. bxc3 Qxa2+
46. Kg3 Qe2 47. Qf7+ Kh8 48. Qe8+ Kh7 49. Qf7+ Kh8 50. Qf8+ Kh7 51. Qf7+ Kh8
1/2-1/2

[Event "BL 9293 Stadthagen-Kirchheim"]
[Site "?"]
[Date "1993.??.??"]
[Round "?.7"]
[White "Burkart, P."]
[Black "Gauglitz, G."]
[Result "0-1"]
[WhiteElo "2285"]
[BlackElo "2415"]
[PlyCount "80"]
[EventDate "1993.??.??"]

1. d4 Nf6 2. Nf3 g6 3. c4 Bg7 4. Nc3 d5 5. e3 O-O 6. Qb3 c6 7. Bd2 e6 8. Rc1
Nbd7 9. Be2 Ne4 10. O-O Nd6 11. cxd5 exd5 12. Qa3 Ne4 13. b4 Qe7 14. Qb3 a6 15.
a4 Ndf6 16. b5 axb5 17. axb5 Nxd2 18. Nxd2 Ra3 19. Qb2 Bd7 20. Ra1 Rfa8 21.
bxc6 bxc6 22. Nf3 Ng4 23. Rxa3 Rxa3 24. Nb1 Ra4 25. Qc3 Ra2 26. Nbd2 Bh6 27.
Ra1 Rxa1+ 28. Qxa1 Bxe3 29. fxe3 Qxe3+ 30. Kh1 Nf2+ 31. Kg1 Nd3+ 32. Kh1 Qxe2
33. Qf1 Qe3 34. h3 Bf5 35. Kh2 Kg7 36. Nb3 Be4 37. Na5 Qf4+ 38. Kh1 Qg3 39. Kg1
Nf4 40. Nxc6 Bd3 0-1

[Event "BL 9293 Stadthagen-Kirchheim"]
[Site "?"]
[Date "1993.??.??"]
[Round "?.8"]
[White "Schirm, F."]
[Black "Mudelsee, M."]
[Result "0-1"]
[WhiteElo "2340"]
[BlackElo "2255"]
[PlyCount "45"]
[EventDate "1993.??.??"]

1. Nf3 Nf6 2. c4 c6 3. g3 d5 4. Bg2 dxc4 5. Qc2 b5 6. a4 Bb7 7. b3 cxb3 8. Qxb3
Qb6 9. Ng5 e6 10. Nxe6 fxe6 11. Qxe6+ Kd8 12. Bb2 Nbd7 13. a5 Qa6 14. O-O Rc8
15. Bh3 Rc7 16. e4 c5 17. e5 Qxe6 18. Bxe6 Nd5 19. a6 Bc6 20. f4 c4 21. Bd4 Nb4
22. Na3 Nc5 23. Bf5 0-1

[Event "BL 9293 Empor Berlin-Sindelfingen"]
[Site "?"]
[Date "1993.??.??"]
[Round "?.1"]
[White "Luther, T."]
[Black "Kramnik, V."]
[Result "1/2-1/2"]
[WhiteElo "2465"]
[BlackElo "2685"]
[PlyCount "48"]
[EventDate "1993.??.??"]

1. e4 c5 2. Nf3 Nc6 3. d4 cxd4 4. Nxd4 Nf6 5. Nc3 d6 6. Bg5 e6 7. Qd2 a6 8.
O-O-O h6 9. Be3 Bd7 10. f4 b5 11. Bd3 Be7 12. h3 O-O 13. g4 Nxd4 14. Bxd4 Bc6
15. g5 hxg5 16. Rdg1 Nh5 17. h4 g4 18. Rxg4 f5 19. Rg6 Bf6 20. Bxf6 Rxf6 21.
Rg5 b4 22. Rxh5 bxc3 23. Qxc3 Bxe4 24. Rg1 Rc8 1/2-1/2

[Event "BL 9293 Empor Berlin-Sindelfingen"]
[Site "?"]
[Date "1993.??.??"]
[Round "?.2"]
[White "Kovalev, A."]
[Black "Gabriel, C."]
[Result "0-1"]
[WhiteElo "2555"]
[BlackElo "2500"]
[PlyCount "92"]
[EventDate "1993.??.??"]

1. e4 e5 2. Nf3 Nc6 3. Bb5 a6 4. Ba4 Nf6 5. O-O Be7 6. Re1 b5 7. Bb3 d6 8. c3
O-O 9. h3 Nb8 10. d4 Nbd7 11. Nbd2 Bb7 12. Bc2 Re8 13. Nf1 Bf8 14. Ng3 g6 15.
b3 Bg7 16. d5 Nb6 17. Qe2 c6 18. c4 cxd5 19. cxd5 Nfxd5 20. exd5 e4 21. Nxe4
Bxa1 22. Bg5 f6 23. Bh4 Bxd5 24. Rxa1 Bxe4 25. Bxe4 d5 26. Qb2 dxe4 27. Bxf6
Qd6 28. Nh2 h5 29. Nf1 Nd7 30. Bh4 Qe5 31. Qc1 Nc5 32. Rb1 Nd3 33. Qh6 Re6 34.
Bg3 Qh8 35. Qg5 Qf6 36. Qe3 h4 37. Bh2 Rf8 38. f3 Qf5 39. fxe4 Qxe4 40. Qxe4
Rxe4 41. Rd1 Re1 42. Rxe1 Nxe1 43. Ne3 Nd3 44. Bd6 Re8 45. Ng4 Re1+ 46. Kh2 Re2
0-1

[Event "BL 9293 Empor Berlin-Sindelfingen"]
[Site "?"]
[Date "1993.??.??"]
[Round "?.3"]
[White "Fahnenschmidt, G."]
[Black "Muse, M."]
[Result "1/2-1/2"]
[WhiteElo "2365"]
[BlackElo "2490"]
[PlyCount "51"]
[EventDate "1993.??.??"]

1. c4 Nf6 2. Nc3 g6 3. e4 d6 4. d4 Bg7 5. f3 O-O 6. Be3 e5 7. d5 Nh5 8. Qd2 f5
9. exf5 gxf5 10. O-O-O Na6 11. Bd3 Nc5 12. Bc2 a5 13. Nge2 Qh4 14. f4 Nxf4 15.
Nxf4 exf4 16. Bxf4 a4 17. g3 Qf6 18. a3 Bd7 19. Be3 Ne4 20. Bxe4 fxe4 21. Bd4
e3 22. Bxe3 Qg6 23. h4 Rf3 24. h5 Qg4 25. Bd4 Bf5 26. Bxg7 1/2-1/2

[Event "BL 9293 Empor Berlin-Sindelfingen"]
[Site "?"]
[Date "1993.??.??"]
[Round "?.4"]
[White "Poldauf, D."]
[Black "Mohr, S."]
[Result "0-1"]
[WhiteElo "2400"]
[BlackElo "2440"]
[PlyCount "120"]
[EventDate "1993.??.??"]

1. c4 e5 2. Nc3 d6 3. g3 g6 4. Bg2 Bg7 5. e3 f5 6. Nge2 Nf6 7. O-O O-O 8. d3 a5
9. b3 Na6 10. Bb2 c6 11. Qd2 Bd7 12. f4 Re8 13. Rae1 Nc5 14. Kh1 Qb6 15. Nd1 e4
16. Bxf6 Bxf6 17. dxe4 fxe4 18. Nf2 Rad8 19. Nc3 Bf5 20. g4 Qb4 21. Rc1 Bc8 22.
Rfd1 Bxc3 23. Qxc3 Qxc3 24. Rxc3 b6 25. a3 d5 26. cxd5 cxd5 27. b4 d4 28. exd4
e3 29. Nd3 Bxg4 30. Re1 Nxd3 31. Rxd3 e2 32. h3 Bd7 33. bxa5 bxa5 34. Rb3 Ba4
35. Rd3 Bb5 36. Rb3 Ba4 37. Rd3 Rb8 38. Kg1 Rb2 39. Kf2 Rf8 40. Kg3 Bb5 41. Rc3
Rd2 42. Bf3 Rxd4 43. Re3 Rdxf4 44. Bxe2 Bxe2 45. R1xe2 R8f7 46. Rc2 Kg7 47. Rc5
a4 48. Ra5 h5 49. Kg2 Kh6 50. Rb5 Rf2+ 51. Kg3 R7f4 52. h4 Rf1 53. Rg5 Rc4 54.
Kg2 Rf6 55. Kg3 Rf1 56. Kg2 Rb1 57. Reg3 Rc2+ 58. Kf3 Rb3+ 59. Ke4 Rxg3 60.
Rxg3 Rc4+ 0-1

[Event "BL 9293 Empor Berlin-Sindelfingen"]
[Site "?"]
[Date "1993.??.??"]
[Round "?.5"]
[White "Marinkovic, I."]
[Black "Stern, R."]
[Result "1/2-1/2"]
[WhiteElo "2445"]
[BlackElo "2345"]
[PlyCount "54"]
[EventDate "1993.??.??"]

1. e4 e5 2. Nc3 Nf6 3. g3 d5 4. exd5 Nxd5 5. Bg2 Nxc3 6. bxc3 Bd6 7. Nf3 O-O 8.
O-O Nd7 9. Re1 Re8 10. d4 exd4 11. Rxe8+ Qxe8 12. cxd4 Nf8 13. c4 c6 14. Bb2
Bg4 15. c5 Be7 16. d5 cxd5 17. Qxd5 Be6 18. Qe5 f6 19. Qe3 Qd7 20. Rc1 Rc8 21.
Ba3 Rc7 22. Nd4 Bf7 23. c6 bxc6 24. Bxe7 Qxe7 25. Qxe7 Rxe7 26. Nxc6 Rc7 27.
Rd1 Bxa2 1/2-1/2

[Event "BL 9293 Empor Berlin-Sindelfingen"]
[Site "?"]
[Date "1993.??.??"]
[Round "?.7"]
[White "Werner, Marc"]
[Black "Thinius, M."]
[Result "1/2-1/2"]
[WhiteElo "2350"]
[BlackElo "2310"]
[PlyCount "89"]
[EventDate "1993.??.??"]

1. e4 e5 2. Nf3 Nc6 3. Bb5 Nf6 4. d3 d6 5. c3 g6 6. Nbd2 Bg7 7. Nf1 O-O 8. Ng3
Qe7 9. O-O Nd8 10. Re1 Ne6 11. d4 c5 12. dxe5 dxe5 13. Bc4 Nc7 14. a4 b6 15.
Nd2 h5 16. Nf3 Nh7 17. Nf1 Bb7 18. h4 Bf6 19. g3 Rfd8 20. Qe2 a6 21. Bh6 Bc6
22. Bd3 b5 23. Ne3 c4 24. Bc2 Nf8 25. Rad1 Nfe6 26. axb5 axb5 27. Nd5 Nxd5 28.
exd5 Rxd5 29. Rxd5 Bxd5 30. Nxe5 Nc5 31. Qd2 Qb7 32. Kh2 Ne6 33. Qe2 Ra2 34.
Bb1 Ra1 35. f4 Qc7 36. Bc2 Rxe1 37. Qxe1 Kh7 38. Bg5 Nxg5 39. hxg5 Bxe5 40.
Qxe5 Qc5 41. Qe2 Bc6 42. Be4 Bxe4 43. Qxe4 Qf2+ 44. Qg2 Qe3 45. Qd5 1/2-1/2